000
00227nam a2200097Ia 4500
008
240331s9999 xx 000 0 und d
082
_b
POO
100
_a
Pooranachandran, K
245
0
_a
Naveena mozhipeyarppu kolkaigal
942
_c
L
999
_c
3661
_d
3661